000 00334 a2200157 4500
001 194249
020 _a978-85-08-17276-4
040 _cMagnum
100 _aIacocca, Liliana
240 1 0 _aA girafa sem sono
_lpor
245 1 0 _aA girafa sem sono
300 _a16
362 0 _a2015
697 _aLITERATURA INFANTIL
942 _cBK
999 _c194249
_d194249